Introduction to the statistical dynamics of automatic control systems /

Guardado en:
Autor Principal: Solodovnikov, V. V.
Formato: Libro
Idioma:English
Russian
Publicado: New York : Dover, 1960.
Etiquetas: Agregar Etiqueta
Sin Etiquetas, Sea el primero en etiquetar este registro!
LEADER 01076nam a22002415a 4500
001 MAT.inmabb002455
008 840920s1960####nyua#####b####001#0#eng##
005 20130313173718.0
245 1 0 |a Introduction to the statistical dynamics of automatic control systems /  |c by V. V. Solodovnikov ; translation edited by John B. Thomas and Lotfi A. Zadeh. 
260 |a New York :  |b Dover,  |c 1960. 
300 |a xx, 307 p. :  |b il. ;  |c 21 cm. 
500 |a Versión editada de una traducción de: Vvedenie v statisticeskuyu dinamiku sistem avtomaticeskogo upravleniya. Moskva : Gosudarstv. Izdat. Tehn.-Teor. Lit., 1952. 
504 |a Incluye referencias bibliográficas. 
510 4 |a MR,  |c 22 #2506 
020 |a 0486604209 
100 1 |a Solodovnikov, V. V.  |q (Vladimir Viktorovich) 
240 1 0 |a Vvedenie v statisticheskuiu dinamiku sistem avtomaticheskogo upravleniia.  |l English 
246 3 0 |a Statistical dynamics of automatic control systems. 
084 |a 93  |2 msc2000 
010 |a  60003164  
040 |a DLC/ICU  |c ICU  |d DLC 
041 1 |a eng  |h rus 
859 |h 93  |i So689  |p A-4161  |b BIB. MATEMATICA